Statistics for Futurama Characters Quiz

Click here to take the quiz!

General Stats

  • This quiz has been taken 15,011 times
    (15,008 since last reset)
  • The average score is 16 of 28

Answer Stats

HintCharacter% Correct
Bending robotBender
98%
Delivery boyFry
97%
Ship's captainLeela
94%
DoctorZoidberg
82%
Planet Express bossProfessor Farnsworth
80%
BureaucratHermes
76%
InternAmy
73%
Robot company CEOMom
72%
President of EarthRichard Nixon's Head
72%
Pet of the aboveNibbler
70%
JanitorScruffy
70%
Space captain for DOOPZapp Brannigan
66%
Personal assistant of
the above
Kif
60%
"Pinchy" mafia associateClamps
56%
Robot actorCalculon
54%
Entrancing animalHypnotoad
47%
Rival of the aboveDr. Ogden Wernstrom
46%
Ruler of Omicron Persei 8Lrrr
46%
"Evil twin" of the aboveFlexo
43%
He punishes sins against robotologyRobot Devil
41%
Holiday robot who tries to kill everyoneRobot Santa
40%
Neptunian chefElzar
34%
Head of the Robot MafiaDonbot
33%
Alien news hostMorbo the Annihillator
30%
Wife of the aboveLaBarbara
29%
Pleasure-seeking robotHedonismbot
28%
Psychotic stabbing-botRoberto
25%
Rooster attorneyHyperchicken
8%

Score Distribution

Percentile by Number Answered

Percent of People with Each Score

Your Score History

You have not taken this quiz since the last reset